[Event "Michigan Class C"]
[Site "Auburn Hills, MI"]
[Date "2002.04.28"]
[Round "5.1"]
[White "Moroney, Timothy"]
[Black "Hazzard, Bill"]
[Result "1/2-1/2"]
[WhiteElo "1560"]
[BlackElo "1500"]
[Annotator "Jeff Aldrich"]
[PlyCount "68"]
[EventDate "2002.04.26"]

{Sicilian: Najdorf} 1. e4 c5 2. Nf3 d6 3. d4 cxd4 4. Nxd4 Nf6 5. Nc3 a6 6. Bg5
Nbd7 7. f4 Qa5 {Black needs to figure out what he is going to do with his
dark-square bishop.} (7... e6 {was probably called for, going into a
Scheveningen setup. The text is a waste of time.}) 8. Nb3 Qc7 9. Qf3 b5 10. e5
({Black's slow setup allows a move like this, but is White prepared to take
advantage? Probably} 10. Bd3 {is a little more accurate, building on his lead
in development.}) 10... Bb7 11. exd6 Qb6 12. Qd3 Qxd6 13. Qxd6 exd6 14. O-O-O
b4 15. Ne2 Be7 16. Ned4 O-O 17. Nf5 Rfe8 18. Nxd6 {White has to trade off his
most active piece to win the pawn. This is one of those positions where
winning a pawn leads to an inferior position.} Bxd6 19. Rxd6 Re1+ 20. Rd1 Rxd1+
21. Kxd1 Ne4 22. Bh4 a5 23. Rg1 a4 24. Nd2 Ndc5 {This is the compromise of
winning that pawn. The remaining White pieces just are not active enough to
take advantage.} 25. Nxe4 Bxe4 26. Be7 b3 27. axb3 axb3 {DIAGRAM} 28. Bxc5 $6 {
This allows Black to secure at least the draw and if White is not careful, a
victory. That is all Black needed to win the class championship.} ({With} 28.
cxb3 Nxb3 {White has an outside passed pawn and the two bishops. If he can
ever find any activity, he still has winning chances.}) 28... bxc2+ 29. Kd2
Rd8+ 30. Bd3 {Anything else allows mate or the pawn to queen.} Rxd3+ 31. Kxc2
Rd5+ 32. Kc3 Rxc5+ 33. Kd4 Rb5 34. Kxe4 Rxb2 1/2-1/2

[Event "Michigan Class B"]
[Site "Auburn Hills, MI"]
[Date "2002.04.28"]
[Round "5.6"]
[White "Moore, Robert"]
[Black "Laurin, Edward"]
[Result "0-1"]
[WhiteElo "1600"]
[BlackElo "1737"]
[PlyCount "54"]
[EventDate "2002.04.26"]

1. e4 b6 2. d4 Bb7 3. Nc3 e6 4. Bd3 Nf6 5. Bf4 Bb4 6. f3 c5 7. Nge2 cxd4 8.
Nxd4 Bxc3+ 9. bxc3 Qe7 10. Nb5 e5 11. Be3 d5 12. Bg5 Na6 13. exd5 Bxd5 14. Qe2
O-O 15. O-O Nc5 16. c4 Nxd3 17. cxd3 Bc6 18. Nc3 Qd6 19. Rab1 Qd4+ 20. Be3 Qxc3
21. Rb3 Qa5 22. Qb2 Qa6 23. Ra3 Qb7 24. Qxe5 Rfe8 25. Qf4 Qe7 26. Bd4 Qxa3 27.
Bxf6 Qxd3 0-1

[Event "Michigan Class B"]
[Site "Auburn Hills, MI"]
[Date "2002.04.28"]
[Round "4.4"]
[White "McCarter, Robert"]
[Black "Gadson, Joseph"]
[Result "1-0"]
[WhiteElo "1600"]
[BlackElo "1675"]
[Annotator "Jeff Aldrich"]
[PlyCount "59"]
[EventDate "2002.04.26"]

{Queen's Gambit Declined: Classical} 1. d4 d5 2. Nf3 Nf6 3. c4 e6 4. Nc3 Be7 5.
Bf4 a6 ({Too slow. Black is worried about the knight popping onto b5, but he
shouldn't be a there is a tactical response to the idea:} 5... O-O 6. Nb5 Bb4+
7. Nd2 Ne4 {and the bishop is tied down to the defense of the knight.}) 6. cxd5
exd5 7. h3 {White returns the favor. It is better to make developing moves
first and then decide matters such as the text when more information has been
gathered.} O-O 8. e3 Ne4 9. Rc1 Nc6 {I would prefer the ...Nd7-f6 route. This
blocks the important c-pawn lever and there just is not a lot for the knight
to do on the queen-side.} 10. a3 $6 {Reacting to the knight move. Is ...Nb4 a
threat?} Kh8 11. Qb3 Nf6 12. Bd3 b5 $2 {Weakens more than it attacks.} 13. O-O
({White wins at least a pawn with} 13. Nxb5 {He was probably worried about the
rook protecting the knight after} Na5 14. Qc3 axb5 {but} 15. Bxc7 {does the
trick.}) 13... Be6 14. Qc2 Qd7 15. Nxb5 {Alright, here we go.} axb5 16. Qxc6
Bxh3 17. Qxd7 Bxd7 18. Rxc7 {DIAGRAM White has two pawns and the superior
position. He finishes solidly.} b4 19. Ne5 Rad8 20. axb4 Bxb4 21. Rfc1 Be6 22.
Nc6 Bd2 23. Rc2 Rc8 24. Ne7 Rxc7 25. Rxc7 Ra8 26. Rb7 Ra1+ 27. Kh2 Ng4+ 28. Kg3
g6 29. Be2 {Removing the defender of the e5-square.} Nxf2 30. Be5+ 1-0

[Event "Michigan Class B"]
[Site "Auburn Hills, MI"]
[Date "2002.04.28"]
[Round "4.1"]
[White "Matias, I.C."]
[Black "Kahn, Aaron"]
[Result "1/2-1/2"]
[WhiteElo "1666"]
[BlackElo "1727"]
[PlyCount "50"]
[EventDate "2002.04.26"]

1. e4 c5 2. Nc3 d6 3. g3 g6 4. Bg2 Bg7 5. d3 Nc6 6. Nge2 e6 7. O-O Nge7 8. Be3
O-O 9. Qd2 Rb8 10. Bh6 b5 11. Bxg7 Kxg7 12. f4 Qb6 13. Kh1 a5 14. a4 b4 15. Nb5
Rd8 16. g4 f5 17. Ng3 Na7 18. Rae1 Rd7 19. exf5 exf5 20. gxf5 Nxf5 21. Nxf5+
gxf5 22. Bd5 Bb7 23. Qg2+ Kh8 24. Bxb7 Qxb7 25. Qxb7 Rbxb7 1/2-1/2

[Event "Michigan Class A"]
[Site "Auburn Hills, MI"]
[Date "2002.04.28"]
[Round "4.5"]
[White "Manion, Tom"]
[Black "Forte, Joe"]
[Result "1-0"]
[WhiteElo "1837"]
[BlackElo "1903"]
[PlyCount "111"]
[EventDate "2002.04.26"]

1. e4 c5 2. Nf3 Nc6 3. d4 cxd4 4. Nxd4 g6 5. c4 Bg7 6. Be3 Nf6 7. Nc3 d6 8. Be2
O-O 9. O-O Bd7 10. f3 Ne8 11. Qd2 Nxd4 12. Bxd4 Bxd4+ 13. Qxd4 e5 14. Qf2 f5
15. exf5 Bxf5 16. Rad1 b6 17. Bd3 Kh8 18. Be4 Rc8 19. b3 Qd7 20. Qd2 Rd8 21. f4
Nf6 22. Bxf5 gxf5 23. fxe5 dxe5 24. Qg5 Qg7 25. Rxf5 Rxd1+ 26. Nxd1 Qd7 27. Rf1
Qd4+ 28. Qe3 Kg7 29. Qxd4 exd4 30. Rf4 Rd8 31. Kf2 Kf7 32. Ke2 Ke6 33. Kd3 Ke5
34. g3 Nd7 35. Re4+ Kf5 36. Rf4+ Ke5 37. Nf2 Nc5+ 38. Kd2 a5 39. Ng4+ Ke6 40.
Rf6+ Ke7 41. Rxb6 Ne4+ 42. Kd3 Nc5+ 43. Kd2 Ne4+ 44. Kc1 d3 45. Ne3 d2+ 46. Kc2
Rf8 47. Nd5+ Kd7 48. Nf4 Kc8 49. Re6 Rd8 50. Nd5 Ng5 51. Re3 Rf8 52. Nf4 Rd8
53. Rd3 Rxd3 54. Nxd3 Ne4 55. Nb2 Kd7 56. Kd3 1-0

[Event "Michigan Class A"]
[Site "Auburn Hills, MI"]
[Date "2002.04.28"]
[Round "4.3"]
[White "Kriseler, Mark"]
[Black "Aldrich, Jeff"]
[Result "1-0"]
[WhiteElo "1921"]
[BlackElo "1908"]
[PlyCount "97"]
[EventDate "2002.04.26"]

1. e3 d5 2. b3 Nf6 3. Bb2 Bf5 4. f4 e6 5. Nf3 Nbd7 6. Nc3 Be7 7. Qe2 a6 8. d3
c6 9. O-O-O Qc7 10. h3 Nb6 11. g4 Bg6 12. Qg2 O-O-O 13. Be2 Ne8 14. h4 f6 15.
h5 Bf7 16. g5 g6 17. hxg6 Bxg6 18. Nd4 Ng7 19. Qh3 fxg5 20. Nxe6 Nxe6 21. Qxe6+
Kb8 22. fxg5 Rhe8 23. Qg4 c5 24. e4 c4 25. dxc4 dxc4 26. Rxd8+ Rxd8 27. Rd1
Rxd1+ 28. Bxd1 Qe5 29. Kb1 Qxg5 30. Qe6 cxb3 31. Qxb6 bxc2+ 32. Bxc2 Bc5 33.
Qe6 Qg1+ 34. Nd1 h5 35. Be5+ Ka7 36. Qd5 h4 37. Qd8 Bd6 38. Qxd6 Qb6+ 39. Qxb6+
Kxb6 40. Bf6 h3 41. Nf2 h2 42. Be5 Kc5 43. Bxh2 Kd4 44. e5 Be8 45. Kb2 b5 46.
Ng4 Kc5 47. Nf6 Bc6 48. Bg1+ Kb4 49. Be4 1-0

[Event "Michigan Class B"]
[Site "Auburn Hills, MI"]
[Date "2002.04.28"]
[Round "5.1"]
[White "Khan, Aaron"]
[Black "McCarter, Robert"]
[Result "0-1"]
[WhiteElo "1727"]
[BlackElo "1600"]
[PlyCount "46"]
[EventDate "2002.04.26"]

1. Nf3 d5 2. g3 c5 3. Bg2 Nc6 4. d3 Nf6 5. O-O Bg4 6. Nbd2 Qd7 7. Nb3 e5 8. Re1
Bh3 9. Bh1 h6 10. c4 d4 11. e3 O-O-O 12. exd4 exd4 13. Ne5 Nxe5 14. Rxe5 b6 15.
a4 Bd6 16. a5 Bxe5 17. axb6 axb6 18. Ra8+ Bb8 19. Bf4 Qe6 20. Rxb8+ Kd7 21.
Nxc5+ bxc5 22. Qa4+ Ke7 23. Qa7+ Nd7 0-1

[Event "Michigan Masters/Experts"]
[Site "Auburn Hills, MI"]
[Date "2002.04.28"]
[Round "4.4"]
[White "Jarosz, Stan"]
[Black "Mazuchowski, Tom"]
[Result "0-1"]
[WhiteElo "2051"]
[BlackElo "2029"]
[Annotator "Tim McGrew"]
[PlyCount "76"]
[EventDate "2002.04.26"]

{King's Indian: Fianchetto (Simagin)} 1. d4 Nf6 2. Nf3 g6 3. c4 Bg7 4. Nc3 O-O
5. g3 {Early in my chess career, when I was under the influence of Korchnoi, I
used to think this was the magical answer to the King's Indian. Well, perhaps
not ...} d6 6. Bg2 Nc6 7. O-O Bg4 {Kmoch's move. The idea is to free Black's
position through exchanges and then play on the dark squares.} 8. h3 {Since
Black is planning to take on f3 in any event, there is probably no need to
give him a tempo here.} ({Capablanca's plan looks simple and sound:} 8. d5 Bxf3
9. exf3 Ne5 {Capablanca-Tylor, Nottingham 1936, and now in the tournament book
Alekhine suggests} 10. Qe2 {with a pleasant advantage to White since Black
cannot play} Nfd7 $2 {due to} 11. f4 $18) 8... Bxf3 9. Bxf3 Nd7 {Now Black is
prepared for ...e5 and his counterplay is looking good.} 10. Be3 (10. d5 $6
Nce5 $15 {is awkward for White.}) 10... e5 11. d5 Ne7 {King's Indian players
know that the knights often end up side-by-side on the second rank like this.
Though they look awkward to the classical eye, they work nicely with Black's
planned pawn expansion via ...f5. As a bonus, the knight on e7 can head to f5
where White will not want to evict it with e4 since it can settle on d4. The
other knight, as we shall see, often finds employment on c5.} 12. Qd2 Nf5 13.
Rac1 Nxe3 14. Qxe3 f5 {The wonders of modern theory -- all of this has been
played before. Black's king-side pawn expansion is well under way, while
White's ostensible queen-side counterplay is not yet visible on the horizon.}
15. Qd2 ({Ugalde-Minero Pineda, Costa Rica 1996 continued} 15. b4 b6 16. Bg2 g5
17. g4 fxg4 18. hxg4 Rf4 $15 {and White is already starting to feel
uncomfortable.}) 15... a5 {Preventing Ugalde's b4 idea. The balance is tipping
to the Black side.} 16. Bg2 b6 17. b3 Nc5 {Now that Black has got ...a5 in,
this square is almost as good as an actual outpost.} 18. Qc2 Qe7 19. a3 {White
scrambles to organize b4.} Bh6 (19... e4 20. b4 axb4 21. axb4 Nd7) 20. Rb1 Rae8
21. b4 axb4 22. axb4 Nd7 23. Nb5 Nf6 24. Ra1 Ra8 25. Ra4 Rxa4 26. Qxa4 Ne8 27.
Qa8 Bg7 28. Ra1 e4 29. Ra7 Qg5 30. e3 Be5 31. Kh2 h5 32. Qc8 Ng7 33. Qxc7 h4
34. Nd4 {DIAGRAM Now Black crashes through in classic King's Indian style.}
hxg3+ 35. Kg1 gxf2+ 36. Kxf2 Qg3+ 37. Kf1 f4 $1 38. Ne2 fxe3+ 0-1

[Event "Michigan Class C"]
[Site "Auburn Hills, MI"]
[Date "2002.04.28"]
[Round "4.7"]
[White "Imai, Toshio"]
[Black "Hollinsworth, Galon"]
[Result "0-1"]
[WhiteElo "1415"]
[BlackElo "1534"]
[PlyCount "28"]
[EventDate "2002.04.26"]

1. e4 e5 2. Bc4 Nf6 3. d4 Nc6 4. dxe5 Nxe5 5. Bb3 Bc5 6. f4 Neg4 7. Nh3 d6 8.
e5 Qe7 9. Kf1 dxe5 10. fxe5 Ne4 11. Qf3 f5 12. exf6 Ngxf6 13. Nd2 Bg4 14. Qf4
O-O-O 0-1

[Event "Michigan Class C"]
[Site "Auburn Hills, MI"]
[Date "2002.04.28"]
[Round "5.6"]
[White "Hollinsworth, Galon"]
[Black "Dillabough, Troy"]
[Result "1-0"]
[WhiteElo "1534"]
[BlackElo "1444"]
[PlyCount "107"]
[EventDate "2002.04.26"]

1. e4 e5 2. Nf3 Nc6 3. d4 exd4 4. Bc4 Nf6 5. O-O d6 6. c3 dxc3 7. Nxc3 Be7 8.
Re1 O-O 9. e5 dxe5 10. Nxe5 Nxe5 11. Rxe5 Bd6 12. Re2 Ng4 13. h3 Qh4 14. Ne4
Be5 15. Bg5 Qh5 16. f4 Bd6 17. hxg4 Bxg4 18. Nxd6 cxd6 19. Qe1 Bxe2 20. Bxe2
Qg6 21. Qf2 Rac8 22. Bf3 Rc2 23. Qxa7 Rxb2 24. Bxb7 Re8 25. Bc6 Reb8 26. Re1 h6
27. Bh4 Qg4 28. Bd5 Qh5 29. Bb3 Rc8 30. Qb7 Qc5+ 31. Kh1 Qf5 32. Bxf7+ Qxf7 33.
Qxc8+ Kh7 34. Qc1 Qh5 35. Kh2 Qxh4+ 36. Kg1 Qf6 37. Rd1 h5 38. a4 Re2 39. Qb1+
Qg6 40. Qxg6+ Kxg6 41. Rxd6+ Kf5 42. Rd5+ Kxf4 43. Rxh5 g5 44. Rh8 Kg3 45. Rh3+
Kf4 46. Ra3 g4 47. Kf1 Rb2 48. g3+ Ke5 49. a5 Rb8 50. a6 Kd6 51. Ke2 Kc6 52.
Ke3 Ra8 53. Kf4 Kb6 54. Kxg4 1-0

[Event "Michigan Class B"]
[Site "Auburn Hills, MI"]
[Date "2002.04.28"]
[Round "4.8"]
[White "Hershberger, Kent"]
[Black "Sims, Chris"]
[Result "0-1"]
[WhiteElo "1664"]
[BlackElo "1647"]
[PlyCount "32"]
[EventDate "2002.04.26"]

1. e4 e5 2. Nf3 Nc6 3. d4 exd4 4. Nxd4 Bc5 5. Nxc6 Qf6 6. Qd2 dxc6 7. Bd3 Ne7
8. O-O Ng6 9. Qc3 Bd4 10. Qb4 Ne5 11. c3 Bxf2+ 12. Kh1 Qh4 13. Bc2 Bg3 14. h3
Bxh3 15. Kg1 Bxg2 16. Be3 Qh1# 0-1

[Event "Michigan Class B"]
[Site "Auburn Hills, MI"]
[Date "2002.04.28"]
[Round "4.2"]
[White "Herreshoff, Matt"]
[Black "Moore, Robert"]
[Result "1-0"]
[WhiteElo "1739"]
[BlackElo "1600"]
[PlyCount "103"]
[EventDate "2002.04.26"]

1. c4 Nf6 2. g3 d6 3. Bg2 g6 4. Nc3 Bg7 5. d3 O-O 6. Rb1 c5 7. Bg5 Nc6 8. Qd2
Rb8 9. Bh6 a6 10. Bxg7 Kxg7 11. e3 Bf5 12. Nge2 Na5 13. O-O b5 14. b3 Ng4 15.
e4 Bd7 16. h3 Ne5 17. f4 Nec6 18. cxb5 axb5 19. f5 Ne5 20. Nd5 Nac6 21. d4 cxd4
22. Nxd4 Nxd4 23. Qxd4 f6 24. Nf4 Qb6 25. Qxb6 Rxb6 26. Nd5 Ra6 27. Nxe7 Rxa2
28. fxg6 hxg6 29. Rf2 Rfa8 30. Rbb2 Ra1+ 31. Rf1 Rxf1+ 32. Bxf1 Ra1 33. Kg2 Re1
34. Be2 Nf7 35. Kf2 Rc1 36. h4 Ne5 37. Nd5 Rc5 38. b4 Rc1 39. Nf4 Rc3 40. Nd5
Nd3+ 41. Ke3 Nxb2+ 42. Nxc3 Nc4+ 43. Kd4 Na3 44. Kd5 Nc2 45. Kxd6 Bc8 46. Kc5
Bb7 47. Bxb5 Kf7 48. Bd3 Ne1 49. Bc4+ Ke7 50. Nd5+ Bxd5 51. exd5 Kd7 52. b5 1-0

[Event "Michigan Class B"]
[Site "Auburn Hills, MI"]
[Date "2002.04.28"]
[Round "5.2"]
[White "Herreshoff, Matt"]
[Black "Matias, I.C."]
[Result "1/2-1/2"]
[WhiteElo "1739"]
[BlackElo "1666"]
[PlyCount "45"]
[EventDate "2002.04.26"]

1. c4 Nf6 2. g3 e6 3. Bg2 d5 4. Nf3 c6 5. b3 Nbd7 6. O-O Be7 7. Bb2 O-O 8. e3
Re8 9. Re1 Qc7 10. cxd5 exd5 11. d4 Bd6 12. Ba3 Ne4 13. Bxd6 Qxd6 14. Nbd2 Ndf6
15. Nxe4 Nxe4 16. Nd2 Nf6 17. Qc2 Bg4 18. Rac1 Bh5 19. Qc5 Qxc5 20. Rxc5 Bg6
21. Rec1 Re7 22. b4 a6 23. a4 1/2-1/2

[Event "Michigan Class C"]
[Site "Auburn Hills, MI"]
[Date "2002.04.28"]
[Round "4.1"]
[White "Hazzard, Bill"]
[Black "Haney, Mark"]
[Result "1-0"]
[WhiteElo "1500"]
[BlackElo "1448"]
[Annotator "Bill Hazzard"]
[PlyCount "111"]
[EventDate "2002.04.26"]

{King's Gambit Accepted: Muzio} 1. e4 e5 2. f4 exf4 3. Nf3 g5 4. Bc4 g4 5. O-O
{I decided not to move the knight, because Black has an check on h4 that keeps
me from castling and wins the rook.} gxf3 6. Rxf3 (6. Qxf3 {is normal, going
after the f-pawn. I wanted to keep my queen on d1 to support an immediate pawn
push to d4.}) 6... Qf6 7. d4 Bh6 8. c3 d6 9. Rf2 Ne7 10. Qf1 Be6 11. Bxe6 fxe6
12. Bxf4 Rf8 13. Bxh6 Qxh6 14. Rxf8+ Qxf8 15. Qc4 {Since I am down a knight
for a pawn, I thought the queen trade would only favor my opponent. So, I go
after what I thought was a free pawn or forcing Kd7.} Qh6 {This is when I was
suprised... and more than a little upset. This move denies the natural
development of N-d2-f3. There is also the threat of dropping into the
back-rank and taking control of the game.} 16. Na3 Qe3+ 17. Kh1 Qxe4 18. Qxc7
Qc6 19. Qa5 Nd5 20. c4 Nf4 21. Qg5 Qe4 22. Qg8+ (22. Nb5 $1 {looks stronger.
Threatening forks on c7 and d6.}) 22... Kd7 23. Qf7+ Kc6 24. d5+ Kb6 25. Rg1
exd5 26. cxd5 Na6 27. Qf6 Nxd5 28. Qxd6+ Ka5 29. Qd7 Nac7 30. Rc1 b5 31. Qc6
Re8 32. h3 Rg8 33. Rg1 Rg6 34. Qb7 {Maintaining the pin on the Nd5. Allowing
the knight to get to e3 or f4 forces the trade material and wins for Black.} a6
35. Nb1 Ne6 36. Nd2 Qd3 37. Nb3+ Kb4 38. Qxa6 Nd4 39. Qa5+ (39. Qa3+ $1 {
forces mate after} Kc4 40. Qc5# {Pointed out to me after the fact by a friend.
I missed it!?}) 39... Kc4 40. Rc1+ Nc2 41. Nd2+ Kd4 42. Qa7+ Ke5 43. Nf3+ Ke4
44. Qxh7 Nf4 45. Qe7+ Ne6 46. Qh4+ Nf4 47. Qe7+ Ne6 48. Qb7+ Ke3 49. Ne5 Qd2
50. Qf3+ Kd4 51. Rd1 Qxd1+ 52. Qxd1+ Kxe5 53. Qxc2 Nf4 54. Qc5+ Ke4 55. Qxb5
Ke3 56. Qe5+ 1-0

[Event "Michigan Class C"]
[Site "Auburn Hills, MI"]
[Date "2002.04.28"]
[Round "5.3"]
[White "Haney, Mark"]
[Black "Choate, Eric"]
[Result "1/2-1/2"]
[WhiteElo "1448"]
[BlackElo "1502"]
[PlyCount "99"]
[EventDate "2002.04.26"]

1. e4 e5 2. Nf3 d6 3. d4 exd4 4. Qxd4 Nc6 5. Bb5 Bd7 6. Bxc6 Bxc6 7. Bg5 Qd7 8.
Nc3 h6 9. Bh4 Ne7 10. O-O-O Ng6 11. Rhe1 Nxh4 12. Nxh4 b6 13. Nf5 f6 14. Ne3
O-O-O 15. Ncd5 Be7 16. Rd3 Rhe8 17. Rc3 Kb7 18. Nb4 Bb5 19. Nbd5 Rc8 20. Nf5
Bf8 21. Qd2 Bc6 22. Ree3 Bxd5 23. Qxd5+ c6 24. Qd3 Red8 25. Ra3 d5 26. Qa6+ Kb8
27. Rad3 Qc7 28. g3 Bc5 29. Nd4 Bxd4 30. Rxd4 dxe4 31. Rdxe4 Qd7 32. Qe2 Qd5
33. f3 Qxa2 34. Ra3 Qd5 35. Re7 Rd7 36. Rd3 Rxe7 37. Qxe7 Qe5 38. Qxg7 Qe1+ 39.
Rd1 Qe3+ 40. Kb1 Qxf3 41. Rd7 Qf1+ 42. Ka2 Qa6+ 43. Kb3 Re8 44. Qxf6 Qb5+ 45.
Ka3 Qa6+ 46. Kb3 Re3+ 47. c3 Qb5+ 48. Ka3 Qc5+ 49. Kb3 Qb5+ 50. Ka3 1/2-1/2

[Event "Michigan Class A"]
[Site "Auburn Hills, MI"]
[Date "2002.04.28"]
[Round "5.1"]
[White "Hamood, Al"]
[Black "Kriseler, Mark"]
[Result "1/2-1/2"]
[WhiteElo "1891"]
[BlackElo "1921"]
[PlyCount "59"]
[EventDate "2002.04.26"]

{French} 1. e4 e6 2. d4 b6 3. Bd3 Bb7 4. Nf3 Nf6 5. Qe2 Qe7 6. Bg5 h6 7. Bh4 g5
8. Bg3 Nc6 9. Nc3 g4 10. Nd2 $2 ({It is this move, not Nc3, that is bad.
Instead} 10. Bh4 $1 gxf3 11. Qxf3 Nxd4 12. Qxf6 {is fine for White.}) 10...
Nxd4 11. Qe3 e5 12. Nb3 Nxb3 13. axb3 Nh5 14. Nb5 Nxg3 15. hxg3 Kd8 16. O-O a6
17. Nc3 h5 18. Nd5 Bxd5 19. exd5 h4 20. Bxa6 Bh6 21. Bb7 $2 Rb8 22. Qc3 hxg3
23. fxg3 Bf8 $1 {White is utterly busted.} 24. Rf2 f6 25. Ra8 Rxa8 26. Bxa8 Qh7
27. Kf1 Qe4 $6 {DIAGRAM And now, a last round miracle happens!} 28. Qxc7+ $1
Kxc7 $2 ({Played instantly. Instead} 28... Ke8 {still wins; Black is an
exchange up after} 29. Qc8+ Kf7 30. Kg1 Qe1+ 31. Rf1 Bc5+ 32. Qxc5 Qxf1+ 33.
Kxf1 bxc5) 29. d6+ Bxd6 30. Bxe4 1/2-1/2

[Event "Michigan Class D/E"]
[Site "Auburn Hills, MI"]
[Date "2002.04.28"]
[Round "5.8"]
[White "Gurski, Erin"]
[Black "Whatling, David"]
[Result "0-1"]
[WhiteElo "1206"]
[BlackElo "1158"]
[PlyCount "122"]
[EventDate "2002.04.26"]

1. e4 e5 2. Nf3 d6 3. d4 exd4 4. Qxd4 Nc6 5. Qc3 Qf6 6. Bb5 Qxc3+ 7. Nxc3 Bd7
8. Bf4 Nf6 9. O-O Be7 10. Rfe1 O-O 11. Re2 Bg4 12. Re3 Bxf3 13. Rxf3 Nd4 14.
Rh3 Nxc2 15. Rc1 Nd4 16. Ba4 Nxe4 17. Nxe4 Ne2+ 18. Kf1 Nxf4 19. Rg3 c6 20. Re1
Nh5 21. Rge3 Nf6 22. Nc5 dxc5 23. Rxe7 Rab8 24. Rc1 Rfe8 25. Rc7 Nd5 26. Rd7
Red8 27. Rxd8+ Rxd8 28. Rxc5 Nb4 29. a3 Nd3 30. Rc2 Re8 31. g3 Kf8 32. Kg2 Ne1+
33. Kf1 Nxc2 34. Bxc2 h6 35. f3 Ke7 36. Ke2 Kd6+ 37. Be4 f5 38. Kd3 fxe4+ 39.
fxe4 b6 40. Kd4 Rd8 41. b4 a6 42. h4 c5+ 43. bxc5+ bxc5+ 44. Kc4 Rc8 45. g4 Ke5
46. a4 Kxe4 47. g5 hxg5 48. hxg5 g6 49. a5 Kf4 50. Kc3 Kxg5 51. Kd3 c4+ 52. Kc3
Kf4 53. Kc2 Kf3 54. Kc3 g5 55. Kc2 g4 56. Kc3 g3 57. Kc2 g2 58. Kc3 g1=Q 59.
Kb4 Qb1+ 60. Kc3 Qd3+ 61. Kb4 Qb3# 0-1

[Event "Michigan Class C"]
[Site "Auburn Hills, MI"]
[Date "2002.04.28"]
[Round "4.5"]
[White "Grzegorczyk, Ron"]
[Black "Saylor, Oliver"]
[Result "1-0"]
[WhiteElo "1500"]
[BlackElo "1421"]
[PlyCount "65"]
[EventDate "2002.04.26"]

1. e4 e5 2. Nf3 Nc6 3. Bb5 d6 4. c3 Bd7 5. O-O Nf6 6. Re1 a6 7. Ba4 Be7 8. d4
b5 9. Bc2 Bg4 10. h3 Bxf3 11. gxf3 d5 12. f4 Qd7 13. fxe5 Nxe4 14. Bxe4 dxe4
15. Qg4 Qxg4+ 16. hxg4 O-O 17. Rxe4 Bh4 18. g5 Bxf2+ 19. Kxf2 f5 20. gxf6 gxf6
21. e6 f5 22. Re2 Ne7 23. Bh6 Rf6 24. Bg5 Nd5 25. Bxf6 Nxf6 26. Nd2 Ng4+ 27.
Kf3 Rd8 28. Nb3 Kg7 29. Nc5 a5 30. Rg1 Kf6 31. Nd7+ Ke7 32. Ne5 Nf6 33. Nc6+
1-0

[Event "Michigan Class D/E"]
[Site "Auburn Hills, MI"]
[Date "2002.04.28"]
[Round "5.6"]
[White "Gregg, Ted"]
[Black "Clark, Richard"]
[Result "1-0"]
[WhiteElo "1162"]
[BlackElo "1228"]
[PlyCount "93"]
[EventDate "2002.04.26"]

1. f4 d5 2. Nf3 Nc6 3. e3 e6 4. Bb5 Bd7 5. Bxc6 Bxc6 6. Ne5 Ne7 7. O-O g6 8. b3
Qd6 9. Bb2 Bg7 10. d3 f6 11. Nxc6 Nxc6 12. Nd2 O-O-O 13. Qe1 Qd7 14. Nf3 Rde8
15. a3 Re7 16. Rd1 e5 17. fxe5 fxe5 18. e4 d4 19. b4 b6 20. a4 Rf7 21. b5 Na5
22. c4 c5 23. bxc6 Nxc6 24. Ra1 Bf8 25. Qe2 Bb4 26. Qc2 Kb7 27. Ba3 Qd6 28.
Bxb4 Nxb4 29. Qb3 a5 30. c5 Qe7 31. cxb6 Rf6 32. Rfc1 Rxb6 33. Rab1 Ka7 34. Nd2
Rhb8 35. Nc4 Ra6 36. Na3 Ka8 37. Nb5 Rc6 38. Rxc6 Nxc6 39. Qd5 Qb7 40. Rc1 Nb4
41. Nc7+ Ka7 42. Qxa5+ Na6 43. Nb5+ Ka8 44. Rc7 Qb6 45. Ra7+ Qxa7 46. Nxa7 Kxa7
47. Qxe5 1-0

[Event "Michigan Masters/Experts"]
[Site "Auburn Hills, MI"]
[Date "2002.04.28"]
[Round "4.3"]
[White "Ghobrial, Ameer"]
[Black "Sudharsan, Krishnan"]
[Result "1-0"]
[WhiteElo "2129"]
[BlackElo "2023"]
[Annotator "Tim McGrew"]
[PlyCount "99"]
[EventDate "2002.04.26"]

1. c4 c6 2. e4 d6 3. Nc3 Nf6 4. g3 e5 5. Bg2 Be7 6. Nge2 O-O 7. O-O Be6 8. b3 {
Much to my surprise, this is a known position. White scores pretty heavily but
that may be due in part to a rating disparity in favor of the first player.}
Qd7 9. d4 Bh3 10. f4 {A full court press!} Bxg2 11. Kxg2 Qc7 12. h3 Nbd7 13. g4
{Somewhere along here White must have been chuckling to himself. The pawns
certainly make a strong impression.} exd4 14. Nxd4 Nc5 15. Re1 Rfe8 (15... a5)
16. b4 Ne6 17. Nf5 Bf8 18. a3 a5 19. Rb1 axb4 20. axb4 Red8 21. Qf3 g6 22. Ng3
d5 23. e5 d4 24. f5 dxc3 25. fxe6 Ra2+ 26. Kf1 Ne8 27. Qxc3 fxe6 28. Kg1 Bg7 {
It is not clear what Black hopes to accomplish with this move.} 29. Rb2 Rda8
30. Rxa2 Rxa2 31. Bb2 Bf8 {Back again!} 32. Ne4 Qb6+ 33. c5 Qa6 34. Ng5 Be7 35.
Nxe6 Rxb2 36. Qxb2 Qd3 37. Qh2 Qd5 38. Nf4 Qd4+ 39. Kh1 Qxb4 40. Qa2+ Kg7 41.
Rf1 Qe4+ 42. Ng2 Qd5 43. Qxd5 cxd5 44. Nf4 Nc7 45. Rb1 g5 46. Rxb7 gxf4 47.
Rxc7 Kf7 48. c6 h6 49. Rd7 Ke8 50. Rxd5 1-0